Quizzes
Events
Quiz Creation
Community
Videos
Private Events
Remove Ads
Sign In
Join for FREE
Feedback
Dark Mode
Quiz Categories
Sports
Geography
Music
Movies
Television
Just For Fun
Miscellaneous
History
Literature
Language
Science
Gaming
Entertainment
Religion
Holiday
For Kids
Quiz Lab
Recent
Popular Today
Quiz Kudos Today
Editor Picks
Curator Picks
Quizzes by...
Day
Popularity
Type
Ratings
Length
Year
Community
Subscriptions
Recent Discussions
Orange Saloon
Badges
Playlists
Quests
Create
Leaderboards
Showdown
Live 5
Trivia Bingo
Activity
Puzzle Library
Sporcle Events
Private Events
Virtual Trivia
Globe League
Become a Host
Pub Owners
SporcleCon
Opinionation
Our Games
Videos
Blog
Mobile Apps
Partnerships
Remove Ads and Go Orange
Feedback
Music
Pop Music
The Beatles
Song
Album
Lyrics
Bands
Singers
Artist
Clip
Rock
Rap
Classical
Billboard
Country Music
Kpop
Taylor Swift
Music
Pop Music
The Beatles
Song
Album
Lyrics
Bands
Singers
Artist
Clip
Rock
Rap
Classical
Billboard
Country Music
Kpop
Taylor Swift
Random Quiz
Search Sporcle
×
Quiz Lab
Quiz Lab
Music
Artist
Type in answers that appear in a list
Type in answers that appear in a list
Classic
Best Score? Go Orange.
Underground rappers names Stats
Can you name the underground rappers real names?
By
blackyjacky109
12m
31 Questions
4 Plays
4 Plays
4 Plays
Comments
Comments
Give Quiz Kudos
Give Quiz Kudos
-
- Ratings
hide this ad
Replay
Link that replays current quiz
Next Quiz
Link to next quiz in quiz playlist
You Got
0%
They Got
Avg Score
51%
Avg Friend Score
Upgrade to see
Score Distribution
Jump to the score distribution portion of the page
Score
0/31
Timer
12:00
0
Plays Today
stage name
real name
% Correct
Eminem
marshall mathers
100%
Ice cube
oshea jackson
50%
Jus allah
james bostick
50%
Celph titled
benjamin shanklin
50%
notorious B.I.G
chris wallace
50%
GZA
Gary Grice
50%
RZA
Robert diggs
50%
Apathy
Chad Bromley
50%
Reef the lost cauze
Sharif lacey
50%
Vinnie Paz
Vincenzo luniveri
50%
mos def
Dante smith
50%
Jay z
Shawn carter
50%
Slick rick
richard walters
50%
Tupac (2pac)
lesane crooks
50%
raekwon
Corey woods
50%
Andre 3000
Benjamin andre
50%
stage name
real name
% Correct
Dr dre
andre young
50%
ghostface killah
Dennis coles
50%
Killah priest
Walter reid
50%
Supastitious
Kam moye
50%
one be lo
Ralond scruggs
50%
Senim silla
Ross rowe
50%
Ol' dirty basterd
Russel jones
50%
Brother Ali
Jason newman
50%
Canibus
Germaine Williams
50%
Flo rida
tramar dillard
50%
kool g rap
nathan wilson
50%
ludacris
chris bridges
50%
Pharoah monche
Troy jamerson
50%
plan b
ben drew
50%
Shad
Shadrach kabango
50%
Quiz Playlist
Details
Report
Send in Message
Add To Playlist
Classic:
Type in answers that appear in a list
Last Updated: Feb 16, 2017
Quiz Scoreboard
CHALLENGE
Sign Up to Join the Scoreboard
Show All
Scores
Hide
Comments
May contain spoilers
Recently Published
An Introduction to Baseball
by treessimontrees
Sports
5m
Movies - When Are They Set?
by FPL_Elf
Movies
5m
Popular People in 1961
by mucciniale
History
6m
More to Explore
Quiz From the Vault
Featured Blog Post
Where Did the Easter Bunny Come From?
hide this ad
You Might Also Like...
Tags
Artist Quiz
Rapper
Real Names
Underground
Today's Top Quizzes in Music
Browse Music
hide this ad
Today's Top Quizzes in Artist
Browse Artist
Top Contributed Quizzes in Music
1
Taylor Swift All Songs (2024)
2
Guess the Artist- 70s Songs
3
KPOP LOGIC QUIZ
4
One Thing in Common: Music
5
2010s Album by Cover III
6
Guess the Taylor Swift song (Mystery Song)
7
Taylor Swift Logic Puzzle
8
2010s Album by Cover IV
9
2010s Album by Cover V
10
Kpop Logic Quiz
Explore More
Trending Topics
NBA
Disney
Marvel
Harry Potter
Crossword
Anime
Kpop
Puzzle
Country
NFL
Pokémon
Song
The Office
WWE
Soccer
hide this ad
Score Distribution
Quiz Creator Spotlight
blackyjacky109
Follow
Send a Message
Quizzes Created
-
Created Quiz Play Count
-
Popular Quizzes Today
1
Find the Countries of Europe - No Outlines Minefield
2
Find the US States - No Outlines Minefield
3
The Countries of the World
4
Popular People in 1961
5
US States
6
Find the US States
7
1-10 Letter E Words III
8
Risky Map Clicking: Biggest States A-Z
More Music Quizzes
Can You Fill Me In? 1990s Songs XIX
Curator's Pick
Trending Quizzes
Risky Map Clicking: Least Populous States A-Z
1-10 Letter F Words
1-10 Letter G Words
One Thing in Common: United Kingdom
Not Quite an Element Typing Challenge
Recently Updated
Leaping Animals
pecheneg
Reality TV Shows (A-Z)
bhenderson79
Rickey Henderson's Hall of Fame Teammates
pecheneg
Champions League XIs: Arsenal
pecheneg
Quick Pick: Celebrities in WWE's Hall of Fame
aduchscher
A-Z Keypad Blitz II
pecheneg
Multiple Oscar Actors
pecheneg
Mystery Phrase Blitz: Oscar 'Best Actors'
pecheneg
F. Scott Fitzgerald Novels
LTH
Pick 3 Villains
ddd62291
Trending Topics
Disney
Kpop
Anime
Harry Potter
NBA
Marvel
Crossword
Song
The Office
Country
WWE
Pokémon
Puzzle
NFL
Soccer
Your Account Isn't Verified!
In order to create a playlist on Sporcle, you need to verify the email address you used during registration. Go to your
Sporcle Settings
to finish the process.
Report this User
Report this user for behavior that violates our
Community Guidelines
.
Details:
Send Report
Go to the Sporcle.com Mobile Site →
Comments